Statistieken voor Alle vliegvelden etc. Nederland

Klik hier om de quiz te nemen!

Algemene statistieken

  • Deze quiz is 47 keer genomen
  • De gemiddelde score is 12 van 47

Antwoordstatistieken

Antwoord% Correct
Luchthaven Schiphol
100%
Eindhoven Airport
95%
Maastricht Aachen Airport
90%
Rotterdam The Hague Airport
90%
Lelystad Airport
75%
Vliegveld de Kooy
53%
Groningen Airport Eelde
50%
Texel International Airport
50%
Teuge International Airport
48%
Vliegbasis Leeuwarden
48%
Ameland Airport Ballum
45%
Breda International Airport
45%
Twente Airport
45%
Vliegveld Terlet
40%
Vliegbasis Woensdrecht
30%
Vliegbasis Volkel
28%
Vliegbasis Deelen
25%
Vliegbasis Gilze-Rijen
25%
Vliegveld Midden-Zeeland
25%
Vlieland Heliport
23%
Vliegveld Hilversum
20%
Amsterdam Heliport
18%
TrafficPort Venlo
15%
Zweefvliegveld Venlo
15%
Zweefvliegveld Soesterberg
13%
Vliegbasis De Peel
10%
Vliegveld Drachten
10%
Vliegveld Hoogeveen
10%
Vliegveld Middenmeer
10%
Zweefvliegveld Valkenburg
10%
Kempen Airport
5%
Vliegveld Salland
5%
Zweefvliegveld Malden
5%
vliegveld Haamstede
3%
Vliegveld Stadskanaal
3%
Zweefvliegveld Nistelrode
3%
Zweefvliegveld Veendam
3%
Heliport Maasvlakte
0%
Vliegveld Numansdorp
0%
Vliegveld Oostwold
0%
Zweefvliegveld Axel
0%
Zweefvliegveld Biddinghuizen
0%
Zweefvliegveld Castricum
0%
Zweefvliegveld De Voorst
0%
Zweefvliegveld Langeveld
0%
Zweefvliegveld Schinveld
0%
Zweefvliegveld Wieringermeer
0%

Scoreverdeling

Percentiel versus Aantal Correcte Antwoorden

Procent van Mensen met Elke Score

Uw Scoregeschiedenis

U heeft deze quiz nog niet genomen